RESEARCH on rattans in China : Conservation, cultivation, distribution, ecology, growth, phenology, silviculture, systematic anatomy and tissue culture

Bibliographic Details
Corporate Author: International Plant Genetic Resources Institute (IPGRI)
Other Authors: Xu
Format: Book
Published: Bangkok : IPGRI , 2000
Subjects:

MARC

LEADER 00000cam a2200000 7i4500
001 0000001334
005 20140420.0
020 0 0 |a 9290434376 
090 0 0 |a 584.50951   |b RES 2000 
245 0 0 |a RESEARCH on rattans in China :   |b Conservation, cultivation, distribution, ecology, growth, phenology, silviculture, systematic anatomy and tissue culture   |c H. C. Xu ... (et al.), editors 
260 0 0 |a Bangkok :   |b IPGRI ,   |c 2000 
300 |a vii, 148 p. :   |b col. ill. ;   |c 30 cm. 
500 0 0 |a Includes bibliographical references 
650 0 0 |a Rattan palms   |z China 
700 0 1 |a Xu   |h H. C. 
710 1 1 |a International Plant Genetic Resources Institute (IPGRI) 
998 |a JPSM 
999 |a 0000002331   |b Monograph   |c Open Shelf   |e Default branch 
999 |a 0000002332   |b Monograph   |c Open Shelf   |e Default branch